000 00241nam a2200097Ia 4500
008 190216s9999||||xx |||||||||||||| ||und||
100 _aDimand King Hel
245 0 _aShelley His Thought And Works
260 _bMacmillan India Ltd
942 _cBK
999 _c12472
_d12472